| 000 | 00631cam a2200205 a 4500 | ||
|---|---|---|---|
| 001 | 000004925 | ||
| 005 | 20200929151533.0 | ||
| 008 | 920527s1990 ve a 001 0 spa | ||
| 020 | _a9803003658 | ||
| 040 |
_aDO-SdBNP _cDLC |
||
| 082 |
_aG861.5 _bG918c |
||
| 245 | 0 | 0 |
_aGuatemala canta a Bolivar : _bantología / _cselección de Mélinton Salazar. |
| 260 |
_aCaracas : _b[s.n.], _c1990. |
||
| 300 |
_a200 p. : _bil. ; _c23 cm. |
||
| 504 | _aIncluye índice | ||
| 650 | 4 |
_aPoesía gualtemalteca _914237 |
|
| 650 | 4 |
_aLiteratura gualtemalteca _914238 |
|
| 700 | 1 |
_aSalazar, Mélinton. _914239 |
|
| 910 | _aCatalogación por copia / LC | ||
| 999 |
_c4731 _d4731 |
||